000 00727nam a2200241Ia 4500
003 OSt
005 20220923212842.0
006 a|||||r|||| 00| 0
007 ta
008 220922b |||||||| |||| 00| 0 hin d
024 _a156,311
037 _cTextual
040 _aARTS
_cARTS
_bhin
041 _2hin
_ahin
082 _aO152:gx, N3
100 _aनागर, विष्णु, संपा.
245 0 _aरधुवीरसहाय
246 _aRadhuvīrasahāya
260 _aहरियाणा
_b आधार प्रकाशन
_c1993
300 _a122 पृ.
_ccm.
942 _hO152:gx, N3
_cTEXL
_2CC
999 _c311629
_d311629